000 00808nam a22002057a 4500
005 20150204115034.0
008 131118b2007 ck ||||| |||| 00| 0 spa d
040 _aCO-BoIAVH
_cCO-BoIAVH
041 _aspa
044 _ack
090 _a IAVH
_b01530
100 _aMarquez -Cesar
_92724
245 _aAvaces rapaces de Bogota
_bDiversidad en medio de la urbe
260 _aBogota
_bInstituto de Investigación de Recursos Biológicos Alexander von Humboldt
_c2007
300 _a100 p.
_bil.
_c27 cm
520 _aEl presente documento trata sobre la historia,diversidad y estado de conservacion de las aves repaces en Bogota, muestra algunas experiencias de rescate y rehabilitacion de las aves rapaces.
650 _aAves rapaces
_zBogota
_932585
700 _aVanegas -Victor
_92726
942 _2z
_cINFORME
999 _c7848
_d7848